Music Quiz

Random Music or Song Quiz

Monstercat 004 Identity Song Quiz Stats

 Plays Quiz not verified by Sporcle

Also try: Tasty Songs
Challenge
Share
Tweet
Embed
Score 0/15 Timer 03:00
0 Plays Today
Artist(s) Song % Correct
TristamParty for the Living
90%
DotEXERun Away from Me
90%
RezonatePump It!
90%
MuzzyThe Destroyer (TwoThirds Remix)
80%
DotEXEKill It with Fire
70%
Stephen WalkingStrong Arm
60%
yhPart Two
60%
NeilioOutside This World
50%
Artist(s) Song % Correct
Project 46 & GemelliniCrazy (feat. Corinne Lee)
40%
ObsidiaOblivion
40%
MuzzyRiding the Storm
40%
EphixaAudiocidity
40%
ArionSpazz Out
40%
HellbergStereo
30%
Project 46 & GemelliniDeadline
30%

You're not logged in!

Compare scores with friends on all Sporcle quizzes.
Join for Free
OR
Log In

You Might Also Like...

Show Comments

Extras

Top Quizzes Today


Score Distribution

Your Account Isn't Verified!

In order to create a playlist on Sporcle, you need to verify the email address you used during registration. Go to your Sporcle Settings to finish the process.

Report this User

Report this user for behavior that violates our Community Guidelines.

Details: